Una De las discrepancias con Sir William H. Beveridge / Alfonso Bosch Aymerich
Descripción Física:
23 p. ; 24 cm
Otros Autores:
Beveridge, William Henry Beveridge
MARC
| LEADER | 00000nam a2200000Ia 4500 | ||
|---|---|---|---|
| 001 | 22398 | ||
| 008 | 160829s1945 xx 000 0 cat d | ||
| 080 | |a FU-54-46 | ||
| 100 | |a Bosch Aymerich, Alfonso |9 33684 | ||
| 245 | |a Una De las discrepancias con Sir William H. Beveridge / Alfonso Bosch Aymerich | ||
| 260 | |a Madrid : |b [s.n.], |c 1945 | ||
| 300 | |a 23 p. ; |c 24 cm | ||
| 590 | |a Separata de: Anales de Economia, vol. 5, núm. 19. | ||
| 590 | |a Prové de S-445, exp. 10. | ||
| 590 | |a Inclou dedicatòria i signatura manuscrita de l'autor | ||
| 650 | |a Economia |9 31980 | ||
| 650 | |a Beveridge, William Henry Beveridge |9 47372 | ||
| 700 | |a Beveridge, William Henry Beveridge |9 47372 | ||
| 856 | 4 | |u https://media.diba.cat/diba/fitxers/arxiu/fulletons/bib_22398_baixa.pdf |y Accés lliure | |
| 856 | 4 | |u https://media.diba.cat/diba/fitxers/arxiu/fulletons/bib_22398_baixa.pdf |y Accés lliure | |
| 901 | |a Arxiu | ||
| 942 | |n 1 |2 udc | ||
| 952 | |0 0 |1 0 |4 0 |6 FU5446 |7 1 |9 53844 |a Arxiu |b Arxiu |d 2016-12-01 |l 0 |o FU-54-46 |p 22398 |r 2016-12-01 00:00:00 |w 2016-12-01 |y ARXIU | ||
| 999 | |c 57710 |d 57710 | ||
| 900 | |a bib_22398_baixa.pdf | ||